Währungen Südamerikas - Statistiken

Allgemein
  • Dieses Quiz wurde 80 mal gespielt
  • Das Durchschnittsergebnis liegt bei 6 aus 12
Antworten auf der Karte
Die Antworten werden auf der Karte rot bzw. grün angezeigt, abhängig davon wie oft sie richtig erraten wurden.
 
Antwortstatistiken
Land Währung % Korrekt
Argentinien Peso
98%
Chile Peso
70%
Kolumbien Peso
63%
Uruguay Peso
63%
Suriname Dollar
53%
Guyana Dollar
49%
Ecuador Dollar
44%
Brasilien Real
37%
Venezuela Bolívar
28%
Peru Sol
23%
Bolivien Boliviano
21%
Paraguay Guaraní
19%
Keine übereinstimmenden Quizze gefunden
Verteilung der Resultate
Anzahl Personen mit jedem Resultat
Perzentil nach korrekt beantworteten Fragen
Ihre Resultats-Entwicklung
Sie haben dieses Quiz noch nicht gespielt